[Event "HUN-chT2 Breyer 1516"]
[Site "Hungary"]
[Date "2015.10.04"]
[Round "2.1"]
[White "Haszon, David"]
[Black "Szekely, Csaba"]
[Result "1/2-1/2"]
[WhiteElo "2219"]
[BlackElo "2144"]
[PlyCount "63"]
[EventDate "2015.09.13"]
[EventType "team-tourn"]
[EventRounds "11"]
[EventCountry "HUN"]
[SourceTitle "CBM 170 Extra"]
[Source "ChessBase"]
[SourceDate "2016.02.25"]
[SourceVersion "1"]
[SourceVersionDate "2016.02.25"]
[SourceQuality "1"]
[WhiteTeam "Kobanya Aquarena"]
[BlackTeam "Turul"]
[WhiteTeamCountry "HUN"]
[BlackTeamCountry "HUN"]

1. e4 d6 2. d4 g6 3. Nc3 Bg7 4. f4 Nc6 5. Be3 e5 6. dxe5 dxe5 7. Qxd8+ Kxd8 8. 0-0-0+ Bd7 9. Bc4 Nh6 10. Nf3 Kc8 11. Nd5 Ng4 12. Rhe1 Nxe3 13. Rxe3 exf4 14. Red3 Bg4 15. Bb5 Re8 16. Nb4 Nxb4 17. Bxe8 Nxd3+ 18. Rxd3 c6 19. h3 Kc7 20. Bxf7 Bxf3 21. gxf3 Rd8 22. Rxd8 Kxd8 23. c3 Ke7 24. Bg8 h6 25. Kd2 Kd6 26. Kd3 b6 27. a4 Bf6 28. Kc4 Be5 29. Bh7 g5 30. Bf5 Bf6 31. Bc8 Be5 32. Bf5 1/2-1/2

[Event "HUN-chT2 Breyer 1415"]
[Site "Hungary"]
[Date "2015.04.26"]
[Round "?"]
[White "Harmatosi, Jozsef"]
[Black "Szekely, Csaba"]
[Result "1-0"]
[WhiteElo "2198"]
[BlackElo "2148"]
[PlyCount "103"]
[EventDate "2014.09.07"]
[EventType "team-tourn"]
[EventRounds "11"]
[EventCountry "HUN"]
[SourceTitle "EXT 2016"]
[Source "ChessBase"]
[SourceDate "2015.10.08"]
[SourceVersion "1"]
[SourceVersionDate "2015.10.08"]
[SourceQuality "1"]
[WhiteTeam "Szazhalombatta"]
[BlackTeam "Turul"]
[WhiteTeamCountry "HUN"]
[BlackTeamCountry "HUN"]

1. d4 Nf6 2. Nf3 g6 3. g3 Bg7 4. Bg2 c5 5. c3 cxd4 6. cxd4 0-0 7. 0-0 d6 8. Nc3 Nc6 9. d5 Ne5 10. Nxe5 dxe5 11. e4 Ne8 12. Be3 Nd6 13. b3 Qa5 14. Rc1 Bd7 15. Qd2 Rfc8 16. Rc2 Rc7 17. Rfc1 Rac8 18. Qd3 b5 19. Bd2 b4 20. Na4 Bb5 21. Rxc7 Rxc7 22. Qb1 Rxc1+ 23. Qxc1 Bxa4 24. bxa4 Qxa4 25. Bf1 h5 26. Qc7 Bf6 27. Qb8+ Kg7 28. Qxb4 Qxa2 29. f3 a6 30. Qa5 Qb3 31. Qc3 Qd1 32. Kf2 Nb5 33. Bxb5 axb5 34. Qc1 Qa4 35. Qc3 g5 36. Ke2 Qa7 37. Be3 Qd7 38. Kf2 e6 39. Qc6 Qxc6 40. dxc6 Bd8 41. Bxg5 Bc7 42. Be7 f5 43. Ke2 Kf7 44. Bc5 Ke8 45. Kd3 Kd8 46. h3 Ba5 47. Bd6 Bc7 48. Bb4 Bb6 49. g4 fxg4 50. fxg4 hxg4 51. hxg4 Ke8 52. Bd6 1-0

[Event "HUN-chT2 Breyer 1314"]
[Site "Hungary"]
[Date "2013.11.03"]
[Round "4"]
[White "Kubacsny, Laszlo"]
[Black "Szekely, Csaba"]
[Result "0-1"]
[WhiteElo "2264"]
[BlackElo "2143"]
[PlyCount "52"]
[EventDate "2013.09.08"]
[EventType "team-tourn"]
[EventRounds "9"]
[EventCountry "HUN"]
[SourceTitle "EXT 2016"]
[Source "ChessBase"]
[SourceDate "2015.10.08"]
[SourceVersion "1"]
[SourceVersionDate "2015.10.08"]
[SourceQuality "1"]
[WhiteTeam "Torokbalint"]
[BlackTeam "Tatabanya Turul"]
[WhiteTeamCountry "HUN"]
[BlackTeamCountry "HUN"]

1. e4 c5 2. Nf3 d6 3. d4 cxd4 4. Nxd4 g6 5. Nc3 Bg7 6. Be2 Nf6 7. 0-0 0-0 8. Re1 Nbd7 9. Nb3 b6 10. f4 Bb7 11. Bf3 Ne8 12. a4 a6 13. Be3 Rc8 14. Bd4 e5 15. fxe5 Nxe5 16. a5 b5 17. Bb6 Qg5 18. Be3 Qd8 19. Nd4 Nc4 20. Bc1 Nxa5 21. Nd5 Nc4 22. b3 Bxd5 23. exd5 Qb6 24. c3 Ne5 25. Kh1 Rxc3 26. Bb2 Rd3 0-1

[Event "HUN-chT2 Breyer 1213"]
[Site "Hungary"]
[Date "2012.12.02"]
[Round "5.3"]
[White "Szekely, Csaba"]
[Black "Demeter, Tamas"]
[Result "0-1"]
[WhiteElo "2140"]
[BlackElo "2068"]
[PlyCount "112"]
[EventDate "2012.09.16"]
[EventType "team-tourn"]
[EventRounds "11"]
[EventCountry "HUN"]
[SourceTitle "EXT 2014"]
[Source "ChessBase"]
[SourceDate "2013.11.20"]
[SourceVersion "1"]
[SourceVersionDate "2013.11.20"]
[SourceQuality "1"]
[WhiteTeam "Turul"]
[BlackTeam "Gyor Komszomol"]
[WhiteTeamCountry "HUN"]
[BlackTeamCountry "HUN"]

1. Nf3 d5 2. g3 Nf6 3. Bg2 g6 4. d4 Bg7 5. c4 c6 6. Nc3 0-0 7. 0-0 Bf5 8. Qb3 Qb6 9. c5 Qxb3 10. axb3 Na6 11. Bf4 Nh5 12. e3 f6 13. h3 Nxf4 14. gxf4 e5 15. fxe5 fxe5 16. Ra4 Bxh3 17. Bxh3 Rxf3 18. Bg2 Rff8 19. Nxd5 Kh8 20. Nb4 Nxb4 21. Rxb4 exd4 22. exd4 Rf4 23. Rd1 Raf8 24. Rxb7 Bxd4 25. Bxc6 Bxf2+ 26. Kg2 Bxc5 27. Rdd7 Rh4 28. Rf7 Rxf7 29. Rxf7 Rd4 30. Rd7 Rf4 31. Bf3 Rf6 32. b4 Bb6 33. b5 Rf5 34. Rd5 Rf7 35. b3 Kg7 36. Rd6 Re7 37. Rd3 h5 38. Kh3 Re5 39. Bc6 Re6 40. Bd7 Rf6 41. Rc3 Rd6 42. Be8 Rd8 43. Bc6 g5 44. Be4 Rd4 45. Bc2 Bd8 46. Rd3 g4+ 47. Kg2 Rxd3 48. Bxd3 Kf6 49. Be4 Kg5 50. Bc6 h4 51. Bd7 h3+ 52. Kg3 Bc7+ 53. Kf2 Kh4 54. Bc6 g3+ 55. Kg1 Bb6+ 56. Kf1 g2+ 0-1

[Event "Komarom Esztergom County-chT"]
[Site "Hungary"]
[Date "2012.11.11"]
[Round "3.2"]
[White "Szekely, Csaba"]
[Black "Janosi, Ferenc"]
[Result "1/2-1/2"]
[WhiteElo "2140"]
[BlackElo "1832"]
[PlyCount "84"]
[EventDate "2012.09.29"]
[EventType "team-tourn"]
[EventRounds "10"]
[EventCountry "HUN"]
[SourceTitle "EXT 2014"]
[Source "ChessBase"]
[SourceDate "2013.11.20"]
[SourceVersion "1"]
[SourceVersionDate "2013.11.20"]
[SourceQuality "1"]
[WhiteTeam "Koernyei SE"]
[BlackTeam "Almasfuezito"]
[WhiteTeamCountry "HUN"]
[BlackTeamCountry "HUN"]

1. c4 e5 2. Nc3 Nf6 3. g3 Nc6 4. Bg2 Be7 5. Nf3 d6 6. d4 exd4 7. Nxd4 Bd7 8. 0-0 0-0 9. h3 a6 10. e4 Re8 11. Be3 Nxd4 12. Bxd4 c5 13. Be3 Bc6 14. Qd3 Qc7 15. Rad1 b5 16. Rfe1 b4 17. Ne2 Bf8 18. f3 Qa5 19. Qb1 Rad8 20. Rd3 Nd7 21. b3 Ne5 22. Rd2 Qc7 23. Kf2 f6 24. Red1 a5 25. h4 h5 26. Nf4 Qf7 27. Bxc5 g5 28. Ne2 gxh4 29. gxh4 f5 30. exf5 Qf6 31. Bb6 Qxh4+ 32. Ng3 Rd7 33. Rd4 Qg5 34. Qc1 Qf6 35. Nxh5 Qxf5 36. Ng3 Qe6 37. Rh4 Rg7 38. Bd4 Qg6 39. Bxe5 dxe5 40. Rg4 Bc5+ 41. Kf1 Qf7 42. Rxg7+ Qxg7 1/2-1/2

[Event "HUN-chT2 Breyer 1112"]
[Site "Hungary"]
[Date "2012.05.20"]
[Round "11.2"]
[White "Horeczky, Tibor"]
[Black "Szekely, Csaba"]
[Result "1-0"]
[WhiteElo "2188"]
[BlackElo "2115"]
[PlyCount "85"]
[EventDate "2011.09.25"]
[EventType "team-tourn"]
[EventRounds "11"]
[EventCountry "HUN"]
[SourceTitle "EXT 2013"]
[Source "ChessBase"]
[SourceDate "2012.11.22"]
[SourceVersion "1"]
[SourceVersionDate "2012.11.22"]
[SourceQuality "1"]
[WhiteTeam "Szazhalombatta"]
[BlackTeam "Turul"]
[WhiteTeamCountry "HUN"]
[BlackTeamCountry "HUN"]

1. e4 g6 2. d4 Bg7 3. Nc3 d6 4. f4 c5 5. dxc5 Qa5 6. cxd6 Bxc3+ 7. bxc3 Qxc3+ 8. Bd2 Qd4 9. Nf3 Qxe4+ 10. Be2 Nh6 11. dxe7 Qxe7 12. Bc3 0-0 13. Qd4 f6 14. Bb4 Qg7 15. Bxf8 Qxf8 16. 0-0 Nc6 17. Qd5+ Kg7 18. Rfe1 Bf5 19. Rab1 Qc8 20. Nd4 Qc7 21. Bf3 Rc8 22. Ne6+ Bxe6 23. Qxe6 Nf5 24. c3 Nd8 25. Qd5 b6 26. Re8 Nf7 27. Rxc8 Qxc8 28. c4 Ne3 29. Qd4 Nxc4 30. Rc1 b5 31. Be2 Qe6 32. Bxc4 bxc4 33. Qxc4 Qe3+ 34. Kh1 h5 35. Rd1 h4 36. h3 g5 37. fxg5 Nxg5 38. Rd7+ Kh6 39. Qxh4+ Kg6 40. Qg4 Qe1+ 41. Kh2 Kh6 42. h4 Ne6 43. Re7 1-0

[Event "HUN-chT2 Breyer 0708"]
[Site "Hungary"]
[Date "2008.04.27"]
[Round "10"]
[White "Szekely, Csaba"]
[Black "Pirisi, Gabor"]
[Result "1/2-1/2"]
[WhiteElo "2224"]
[BlackElo "2242"]
[PlyCount "38"]
[EventDate "2007.10.14"]
[EventType "team"]
[EventRounds "11"]
[EventCountry "HUN"]
[SourceTitle "EXT 2009"]
[Source "ChessBase"]
[SourceDate "2008.11.26"]
[SourceVersion "1"]
[SourceVersionDate "2008.11.26"]
[SourceQuality "1"]
[WhiteTeam "Vertesi Eromu"]
[BlackTeam "Honved II"]
[WhiteTeamCountry "HUN"]
[BlackTeamCountry "HUN"]

1. Nf3 c5 2. c4 g6 3. Nc3 Bg7 4. g3 Nc6 5. Bg2 d6 6. 0-0 e5 7. d3 Nge7 8. Nd5 0-0 9. Bg5 f6 10. Nxe7+ Nxe7 11. Bd2 Rb8 12. Qc1 Be6 13. Ne1 b5 14. b3 Qd7 15. a4 bxa4 16. bxa4 Nf5 17. Nc2 Rb3 18. Ra2 Rfb8 19. Be4 Ne7 1/2-1/2

[Event "HUN-chT2 Breyer 0708"]
[Site "Hungary"]
[Date "2008.03.30"]
[Round "9"]
[White "Fancsy, Imre"]
[Black "Szekely, Csaba"]
[Result "1-0"]
[WhiteElo "2380"]
[BlackElo "2224"]
[PlyCount "33"]
[EventDate "2007.10.14"]
[EventType "team"]
[EventRounds "11"]
[EventCountry "HUN"]
[SourceTitle "EXT 2009"]
[Source "ChessBase"]
[SourceDate "2008.11.26"]
[SourceVersion "1"]
[SourceVersionDate "2008.11.26"]
[SourceQuality "1"]
[WhiteTeam "Balatonfuered"]
[BlackTeam "Vertesi Eromu"]
[WhiteTeamCountry "HUN"]
[BlackTeamCountry "HUN"]

1. Nf3 Nf6 2. c4 g6 3. g3 Bg7 4. Bg2 c5 5. d4 cxd4 6. Nxd4 Nc6 7. Nc2 d6 8. Nc3 Bd7 9. 0-0 Rc8 10. b3 Qa5 11. Bb2 Ng4 12. Qd2 h5 13. h3 Nh6 14. Ne3 b5 15. cxb5 Nd4 16. Nc4 Qb4 17. Rfd1 1-0

[Event "HUN-chT2 Breyer 0708"]
[Site "Hungary"]
[Date "2008.03.16"]
[Round "8"]
[White "Szekely, Csaba"]
[Black "Lengyel, Bela"]
[Result "1/2-1/2"]
[WhiteElo "2224"]
[BlackElo "2289"]
[PlyCount "24"]
[EventDate "2007.10.14"]
[EventType "team"]
[EventRounds "11"]
[EventCountry "HUN"]
[SourceTitle "EXT 2009"]
[Source "ChessBase"]
[SourceDate "2008.11.26"]
[SourceVersion "1"]
[SourceVersionDate "2008.11.26"]
[SourceQuality "1"]
[WhiteTeam "Vertesi Eromu"]
[BlackTeam "Zsambek"]
[WhiteTeamCountry "HUN"]
[BlackTeamCountry "HUN"]

1. Nf3 d5 2. g3 Nf6 3. Bg2 Bf5 4. d3 e6 5. 0-0 c6 6. Nbd2 Bc5 7. Qe1 0-0 8. e4 Bg6 9. Ne5 Nbd7 10. Nxg6 hxg6 11. Kh1 a5 12. a4 Qb6 1/2-1/2

[Event "HUN-chT2 Breyer 0708"]
[Site "Hungary"]
[Date "2007.11.11"]
[Round "2"]
[White "Szekely, Csaba"]
[Black "Horvath, Mario"]
[Result "0-1"]
[WhiteElo "2224"]
[BlackElo "2305"]
[PlyCount "94"]
[EventDate "2007.10.14"]
[EventType "team"]
[EventRounds "11"]
[EventCountry "HUN"]
[SourceTitle "EXT 2009"]
[Source "ChessBase"]
[SourceDate "2008.11.26"]
[SourceVersion "1"]
[SourceVersionDate "2008.11.26"]
[SourceQuality "1"]
[WhiteTeam "Vertesi Eromu"]
[BlackTeam "Esztergom"]
[WhiteTeamCountry "HUN"]
[BlackTeamCountry "HUN"]

1. Nf3 d5 2. g3 Nf6 3. Bg2 c6 4. 0-0 Bf5 5. d3 Nbd7 6. c4 dxc4 7. dxc4 e5 8. Nc3 Be7 9. b3 0-0 10. Bb2 Qc7 11. Nh4 Be6 12. Rc1 Ne8 13. Nd5 Qd8 14. Nxe7+ Qxe7 15. e4 Nc7 16. Nf5 Bxf5 17. exf5 Rfe8 18. Re1 Rad8 19. Qc2 f6 20. Rcd1 Nb6 21. Qc3 Na6 22. a3 Nc5 23. Qc2 Rxd1 24. Rxd1 Rd8 25. b4 Rxd1+ 26. Qxd1 Qd7 27. Qxd7 Ncxd7 28. c5 Nd5 29. Kf1 a5 30. Ke2 axb4 31. Bxd5+ cxd5 32. axb4 Kf7 33. f3 b5 34. f4 exf4 35. gxf4 Nb8 36. Bc3 Nc6 37. Kf3 Ke7 38. h4 h5 39. Ke3 Kd7 40. Be1 Ne7 41. Kd3 Nxf5 42. Bf2 Ne7 43. Bd4 Ng6 44. Bf2 Nxf4+ 45. Ke3 Ng6 46. Bg3 Ne7 47. Kf4 Ke6 0-1

[Event "HUN-chT2 Breyer 0607"]
[Site "Hungary"]
[Date "2006.12.17"]
[Round "4"]
[White "Szekely, Csaba"]
[Black "Fancsy, Imre"]
[Result "1/2-1/2"]
[WhiteElo "2257"]
[BlackElo "2396"]
[PlyCount "42"]
[EventDate "2006.11.12"]
[EventType "team"]
[EventRounds "11"]
[EventCountry "HUN"]
[SourceTitle "EXT 2008"]
[Source "ChessBase"]
[SourceDate "2007.11.25"]
[SourceVersion "1"]
[SourceVersionDate "2007.11.25"]
[SourceQuality "1"]
[WhiteTeam "Vertesi Eromu"]
[BlackTeam "Balatonfuered"]
[WhiteTeamCountry "HUN"]
[BlackTeamCountry "HUN"]

1. c4 e6 2. Nc3 d5 3. cxd5 exd5 4. d4 c6 5. Bf4 Qb6 6. Qd2 Nf6 7. a3 Be7 8. h3 0-0 9. e3 Bf5 10. Nf3 Nbd7 11. Ne5 Nxe5 12. Bxe5 Ne4 13. Nxe4 Bxe4 14. h4 f6 15. Bf4 Rfc8 16. f3 Bg6 17. h5 Bf7 18. Bd3 c5 19. dxc5 Rxc5 20. Rc1 a5 21. g4 Rac8 1/2-1/2

[Event "HUN-chT2 Breyer 0607"]
[Site "Hungary"]
[Date "2006.11.26"]
[Round "2"]
[White "Szekely, Csaba"]
[Black "Sipos, Istvan"]
[Result "1/2-1/2"]
[WhiteElo "2257"]
[BlackElo "2268"]
[PlyCount "40"]
[EventDate "2006.11.12"]
[EventType "team"]
[EventRounds "11"]
[EventCountry "HUN"]
[SourceTitle "EXT 2008"]
[Source "ChessBase"]
[SourceDate "2007.11.25"]
[SourceVersion "1"]
[SourceVersionDate "2007.11.25"]
[SourceQuality "1"]
[WhiteTeam "Vertesi Eromu"]
[BlackTeam "Geniusz Tata"]
[WhiteTeamCountry "HUN"]
[BlackTeamCountry "HUN"]

1. Nf3 f5 2. g3 b6 3. Bg2 Bb7 4. 0-0 Nf6 5. c4 e6 6. Nc3 Bd6 7. d3 0-0 8. e4 fxe4 9. Ng5 Be7 10. Ngxe4 Nc6 11. d4 Nxe4 12. Bxe4 Na5 13. d5 Qe8 14. Qd3 Qh5 15. Rb1 Ba6 16. b3 Rfe8 17. dxe6 dxe6 18. Qe2 Qh3 19. Bg2 Qf5 20. Be4 Qh3 1/2-1/2

[Event "HUN-chT2 Breyer 0607"]
[Site "Hungary"]
[Date "2006.11.12"]
[Round "1"]
[White "Burghardt, Jozsef"]
[Black "Szekely, Csaba"]
[Result "0-1"]
[WhiteElo "2183"]
[BlackElo "2257"]
[PlyCount "54"]
[EventDate "2006.11.12"]
[EventType "team"]
[EventRounds "11"]
[EventCountry "HUN"]
[SourceTitle "EXT 2008"]
[Source "ChessBase"]
[SourceDate "2007.11.25"]
[SourceVersion "1"]
[SourceVersionDate "2007.11.25"]
[SourceQuality "1"]
[WhiteTeam "Esztergom"]
[BlackTeam "Vertesi Eromu"]
[WhiteTeamCountry "HUN"]
[BlackTeamCountry "HUN"]

1. e4 g6 2. d4 Bg7 3. Nc3 c5 4. Be3 Nc6 5. dxc5 Bxc3+ 6. bxc3 Qa5 7. Qd2 Nf6 8. f3 b6 9. cxb6 axb6 10. Ne2 d5 11. Nd4 Nxd4 12. e5 Nf5 13. exf6 exf6 14. Bd3 Nxe3 15. Qxe3+ Be6 16. Qd4 Ke7 17. Kd2 Rhc8 18. Rhb1 Rc5 19. Rb3 Rac8 20. a4 R8c6 21. Rba3 Rd6 22. Kc1 Bc8 23. Rb1 Ba6 24. Rb4 Bc4 25. Kb2 Qa7 26. Ra1 Qc7 27. Re1+ Re6 0-1

[Event "HUN-chT2 Breyer 0506"]
[Site "Hungary"]
[Date "2006.01.22"]
[Round "6"]
[White "Bottyan, Peter"]
[Black "Szekely, Csaba"]
[Result "0-1"]
[WhiteElo "2231"]
[BlackElo "2205"]
[PlyCount "46"]
[EventDate "2005.10.16"]
[EventType "team"]
[EventRounds "11"]
[EventCountry "HUN"]
[SourceTitle "EXT 2009"]
[Source "ChessBase"]
[SourceDate "2008.11.26"]
[SourceVersion "1"]
[SourceVersionDate "2008.11.26"]
[SourceQuality "1"]
[WhiteTeam "Kisber Aszar"]
[BlackTeam "Vertesi Eromu"]
[WhiteTeamCountry "HUN"]
[BlackTeamCountry "HUN"]

1. Nf3 c5 2. g3 Nc6 3. Bg2 d5 4. d4 cxd4 5. Nxd4 e5 6. Nxc6 bxc6 7. c4 Be6 8. 0-0 Bc5 9. Nc3 Ne7 10. cxd5 cxd5 11. Qa4+ Bd7 12. Qh4 Bc6 13. Qg5 Ng6 14. Rd1 Qb6 15. Bxd5 Bxf2+ 16. Kf1 Bd4 17. h4 Bxc3 18. Be3 Bd4 19. Rxd4 exd4 20. Bxd4 Qb7 21. h5 Bxd5 22. hxg6 hxg6 23. Qe5+ Be6 0-1

[Event "HUN-chT2 Breyer 0506"]
[Site "Hungary"]
[Date "2005.12.04"]
[Round "5"]
[White "Szekely, Csaba"]
[Black "Zsigmond, Karoly"]
[Result "1-0"]
[WhiteElo "2205"]
[BlackElo "2110"]
[PlyCount "65"]
[EventDate "2005.10.16"]
[EventType "team"]
[EventRounds "11"]
[EventCountry "HUN"]
[SourceTitle "EXT 2009"]
[Source "ChessBase"]
[SourceDate "2008.11.26"]
[SourceVersion "1"]
[SourceVersionDate "2008.11.26"]
[SourceQuality "1"]
[WhiteTeam "Vertesi Eromu"]
[BlackTeam "Kiraly Sakk"]
[WhiteTeamCountry "HUN"]
[BlackTeamCountry "HUN"]

1. Nf3 Nf6 2. g3 g6 3. Bg2 Bg7 4. c4 d6 5. d4 0-0 6. Nc3 Nbd7 7. 0-0 c6 8. e4 e5 9. h3 Re8 10. Be3 Qc7 11. Qc2 Nf8 12. dxe5 dxe5 13. c5 Ne6 14. Rfd1 Bd7 15. Rd6 Bf8 16. Rad1 Bxd6 17. cxd6 Qa5 18. b4 Qxb4 19. Nxe5 Nf8 20. Nd3 Qxd6 21. e5 Rxe5 22. Bf4 Bf5 23. Nxe5 Qxe5 24. Qb2 Qa5 25. Qxb7 Rd8 26. Rxd8 Qxd8 27. Qxc6 Ne8 28. Be3 a5 29. Nd5 Qd7 30. Qc3 h5 31. Qe5 Qe6 32. Qb8 Qd7 33. Qxe8 1-0

[Event "HUN-chT2 Breyer 0506"]
[Site "Hungary"]
[Date "2005.11.13"]
[Round "3"]
[White "Szekely, Csaba"]
[Black "Brustkern, Juergen"]
[Result "1/2-1/2"]
[WhiteElo "2205"]
[BlackElo "2250"]
[PlyCount "70"]
[EventDate "2005.10.16"]
[EventType "team"]
[EventRounds "11"]
[EventCountry "HUN"]
[SourceTitle "EXT 2009"]
[Source "ChessBase"]
[SourceDate "2008.11.26"]
[SourceVersion "1"]
[SourceVersionDate "2008.11.26"]
[SourceQuality "1"]
[WhiteTeam "Vertesi Eromu"]
[BlackTeam "MAFC"]
[WhiteTeamCountry "HUN"]
[BlackTeamCountry "HUN"]

1. Nf3 Nc6 2. d4 d5 3. c4 Bg4 4. Ne5 Nxe5 5. dxe5 e6 6. Qb3 b6 7. Nc3 d4 8. Ne4 Bf5 9. Ng3 Bg6 10. e3 Bc5 11. exd4 Qxd4 12. Be3 Qxe5 13. Qb5+ Kf8 14. Be2 a6 15. Bxc5+ Qxc5 16. Qxc5+ bxc5 17. 0-0-0 Nf6 18. Bf3 Rb8 19. Rhe1 Ke7 20. Re5 Nd7 21. Re3 Rb6 22. Ne2 Rhb8 23. b3 Rd6 24. Nc3 Rxd1+ 25. Bxd1 Kd6 26. h4 h5 27. Rg3 Ne5 28. Bc2 Bxc2 29. Kxc2 g6 30. Ne4+ Kc6 31. Ng5 Rf8 32. Re3 Ng4 33. Rf3 Ne5 34. Re3 Ng4 35. Rf3 Ne5 1/2-1/2

[Event "Nyiregyhaza op"]
[Site "Nyiregyhaza"]
[Date "2005.07.13"]
[Round "5"]
[White "Szekely, Csaba"]
[Black "Bokros, Albert"]
[Result "0-1"]
[WhiteElo "2205"]
[BlackElo "2446"]
[PlyCount "90"]
[EventDate "2005.07.09"]
[EventType "swiss"]
[EventRounds "9"]
[EventCountry "HUN"]
[SourceTitle "EXT 2008"]
[Source "ChessBase"]
[SourceDate "2007.11.25"]
[SourceVersion "1"]
[SourceVersionDate "2007.11.25"]
[SourceQuality "1"]

1. Nf3 Nf6 2. g3 b5 3. Bg2 Bb7 4. 0-0 e6 5. b3 c5 6. c4 bxc4 7. bxc4 Be7 8. Nc3 0-0 9. Rb1 Bc6 10. d3 d6 11. e3 Nbd7 12. d4 Ne4 13. Bb2 Nxc3 14. Bxc3 Be4 15. Rc1 Rc8 16. Qe2 Qb6 17. Nd2 Bxg2 18. Kxg2 Qa6 19. Rc2 cxd4 20. Bxd4 Rc7 21. e4 Rfc8 22. Rfc1 Bf6 23. Bxf6 Nxf6 24. e5 dxe5 25. Qxe5 Nd5 26. Rb1 Qa4 27. Rb3 h6 28. Ne4 Rxc4 29. Rxc4 Qxc4 30. Rb7 Qc6 31. Rxa7 Nf6 32. f3 Qc2+ 33. Nf2 Qd2 34. Qa5 Qe2 35. Qa6 Rc2 36. Qxe2 Rxe2 37. Kf1 Rb2 38. g4 Nd5 39. Ra3 Nf4 40. Ke1 Re2+ 41. Kf1 Rb2 42. Ke1 g6 43. Ra8+ Kg7 44. a4 Rb1+ 45. Kd2 Rf1 0-1

[Event "Nyiregyhaza op"]
[Site "Nyiregyhaza"]
[Date "2005.07.11"]
[Round "3"]
[White "Szekely, Csaba"]
[Black "Borsos, Bogdan"]
[Result "0-1"]
[WhiteElo "2205"]
[BlackElo "2342"]
[PlyCount "82"]
[EventDate "2005.07.09"]
[EventType "swiss"]
[EventRounds "9"]
[EventCountry "HUN"]
[SourceTitle "EXT 2008"]
[Source "ChessBase"]
[SourceDate "2007.11.25"]
[SourceVersion "1"]
[SourceVersionDate "2007.11.25"]
[SourceQuality "1"]

1. Nf3 Nf6 2. g3 d5 3. Bg2 c6 4. 0-0 Bg4 5. d4 e6 6. Ne5 Bh5 7. c4 Be7 8. Nc3 Nfd7 9. Nxd7 Nxd7 10. Qb3 Qb6 11. e4 dxe4 12. Nxe4 0-0 13. Be3 Qxb3 14. axb3 Rfd8 15. f3 a6 16. g4 Bg6 17. c5 e5 18. b4 exd4 19. Bxd4 Bxe4 20. fxe4 Nf6 21. Bc3 Nxg4 22. Rae1 Bh4 23. Re2 Bg5 24. Bh3 Ne3 25. Rf3 Rd3 26. Bd2 Rxd2 27. Rxd2 Nc4 28. Re2 Ne5 29. Rf5 f6 30. Rf1 Rd8 31. Be6+ Kf8 32. b3 Ke7 33. Bc4 Bd2 34. Kg2 Bxb4 35. Rc1 Rd4 36. Rcc2 a5 37. h3 h6 38. Bg8 Nd3 39. Kf1 g5 40. h4 Bxc5 41. hxg5 hxg5 0-1

[Event "HUN-chT2 Breyer 0405"]
[Site "Hungary"]
[Date "2005.03.06"]
[Round "9"]
[White "Szekely, Csaba"]
[Black "Forgacs, Attila"]
[Result "1-0"]
[WhiteElo "2269"]
[BlackElo "2180"]
[PlyCount "67"]
[EventDate "2004.09.26"]
[EventType "team"]
[EventRounds "11"]
[EventCountry "HUN"]
[SourceTitle "EXT 2009"]
[Source "ChessBase"]
[SourceDate "2008.11.26"]
[SourceVersion "1"]
[SourceVersionDate "2008.11.26"]
[SourceQuality "1"]
[WhiteTeam "Vertesi Eromu"]
[BlackTeam "Pet"]
[WhiteTeamCountry "HUN"]
[BlackTeamCountry "HUN"]

1. c4 Nf6 2. Nc3 g6 3. g3 Bg7 4. Bg2 0-0 5. d4 d6 6. Nf3 c6 7. 0-0 Qb6 8. c5 dxc5 9. Na4 Qd8 10. Nxc5 Nbd7 11. Nd3 Nb6 12. b3 Bf5 13. Bb2 Qc8 14. Re1 Rd8 15. Nfe5 Ng4 16. Nf3 Nf6 17. e3 Ne4 18. Rc1 a5 19. Nfe5 f6 20. Nc4 Nxc4 21. bxc4 Ng5 22. e4 Bh3 23. Bh1 Bh6 24. f4 Bg4 25. Qb3 a4 26. Qb4 Nh3+ 27. Kf1 e5 28. d5 exf4 29. Rc2 fxg3 30. c5 cxd5 31. hxg3 Qc7 32. e5 Qd7 33. Nf2 Nxf2 34. Rxf2 1-0